MARC details
| 000 -LEADER |
| campo de control de longitud fija |
01674nam a2200397 i 4500 |
| 001 - NÚMERO DE CONTROL |
| campo de control |
195526 |
| 003 - IDENTIFICADOR DE NÚMERO DE CONTROL |
| campo de control |
SpMaBN |
| 005 - FECHA Y HORA DE LA ÚLTIMA TRANSACCIÓN |
| campo de control |
20250904064043.0 |
| 007 - CAMPO FIJO DE DESCRIPCIÓN FÍSICA--INFORMACIÓN GENERAL |
| campo de control de longitud fija |
ta |
| 008 - DATOS DE LONGITUD FIJA--INFORMACIÓN GENERAL |
| campo de control de longitud fija |
240620s1960 sp a spa |
| 016 7# - NÚMERO DE CONTROL DE UNA AGENCIA BIBLIOGRÁFICA NACIONAL |
| Número de control del registro |
bimoBNE19981686685 |
| Número de control cancelado/no válido |
IND9200367343 |
| Fuente |
SpMaBN |
| 017 ## - NÚMERO DE COPYRIGHT O DE DEPÓSITO LEGAL |
| Número de copyright o de depósito legal |
Z 109-1960 |
| Agencia que asigna |
Oficina Depósito Legal Zaragoza |
| 035 ## - NÚMERO DE CONTROL DEL SISTEMA |
| Número de control de sistema |
(OCoLC)432011004 |
| 035 ## - NÚMERO DE CONTROL DEL SISTEMA |
| Número de control de sistema |
bimo0000923543 |
| 040 ## - FUENTE DE CATALOGACIÓN |
| Centro catalogador/agencia de origen |
SpMaBN |
| Lengua de catalogación |
spa |
| Centro/agencia transcriptor |
A2 |
| Centro/agencia modificador |
ES-MaACL |
| 080 ## - NÚMERO DE LA CLASIFICACIÓN DECIMAL UNIVERSAL |
| Número de la Clasificación Decimal Universal |
86-14"19" |
| 100 1# - ENTRADA PRINCIPAL--NOMBRE DE PERSONA |
| Nombre de persona |
Gómez, Julio Antonio, |
| Fechas asociadas al nombre |
1933-1988 |
| Número de control del registro de autoridad o número normalizado |
XX1006007 |
| Término indicativo de función/relación |
Autor |
| 9 (RLIN) |
57779 |
| 245 10 - MENCIÓN DEL TÍTULO |
| Título |
Al oeste del lago Kivú los gorilas se suicidaban en manadas numerosísimas / |
| Mención de responsabilidad, etc. |
Julio Antonio Gómez ; ilustración, Saoul Strindberg, Gregorio Prieto. |
| 260 ## - PUBLICACIÓN, DISTRIBUCIÓN, ETC. |
| Lugar de publicación, distribución, etc. |
[Zaragoza : |
| Nombre del editor, distribuidor, etc. |
s.n.], |
| Fecha de publicación, distribución, etc. |
1960. |
| Fabricante |
(Imp. del Hogar Pignatelli) |
| 300 ## - DESCRIPCIÓN FÍSICA |
| Extensión |
45 p., |
| Otras características físicas |
lám. ; |
| Dimensiones |
28 cm |
| 336 ## - TIPO DE CONTENIDO |
| Fuente |
rdacontent |
| Término de tipo de contenido |
texto |
| 337 ## - TIPO DE MEDIO |
| Fuente |
rdamedia |
| Nombre/término del tipo de medio |
sin mediación |
| 338 ## - TIPO DE SOPORTE |
| Fuente |
rdacarrier |
| Nombre/término del tipo de soporte |
volumen |
| 490 1# - MENCIÓN DE SERIE |
| Mención de serie |
Colección "Papageno" ; |
| Designación de volumen o secuencia |
vol. 1 |
| 650 #4 - PUNTO DE ACCESO ADICIONAL DE MATERIA--TÉRMINO DE MATERIA |
| 9 (RLIN) |
16177 |
| Término de materia o nombre geográfico como elemento de entrada |
Poesía española- |
| Subdivisión cronológica |
S.XX |
| 655 #7 - TERMINO DE INDIZACIÓN--GENERO/FORMA |
| Fuente del término |
tgfbne |
| 9 (RLIN) |
176539 |
| Datos o término principal de género/forma |
Poesías |
| 700 1# - ENTRADA AGREGADA--NOMBRE PERSONAL |
| Nombre de persona |
Shindberg, Saoul |
| 9 (RLIN) |
237136 |
| Término indicativo de función/relación |
Ilustrador |
| 700 ## - ENTRADA AGREGADA--NOMBRE PERSONAL |
| Nombre de persona |
Prieto, Gregorio, |
| Fechas asociadas al nombre |
1897-1992 |
| Término indicativo de función/relación |
Ilustrador |
| 9 (RLIN) |
227205 |
| 830 ## - PUNTO DE ACCESO ADICIONAL DE SERIE-TÍTULO UNIFORME |
| Título uniforme |
Colección "Papageno" ; |
| 9 (RLIN) |
237137 |
| Designación de volumen o secuencia |
1 |
| 852 ## - LOCALIZACIÓN |
| Ubicación |
ES-MaACL |
| Ubicación en estantería |
Depósito folletos |
| Número de control de estantería |
FOLL-BUE-73 |
| Donativo/Legado |
Legado: Antonio Buero Vallejo |
| itemnumber |
203735 |
| Signatura antigua |
Dedicatoria manuscrita del autor, Julio Antonio Gómez, para Antonio Buero Vallejo en portada reverso: "Ejemplar para Antonio Buero Vallejo [firma]". |
| 903 ## - NOMBRE PERSONAL DE DONANTE |
| 9 |
32421 |
| a |
Buero Vallejo, Antonio, |
| q |
1 |
| d |
1916-2000 |
| e |
Donante |
| 942 ## - ELEMENTOS DE ENTRADA SECUNDARIOS (KOHA) |
| Suprimir en OPAC |
No |
| Tipo de ítem Koha |
Folleto |